sml quiz - Statistics

General Stats
  • This quiz has been taken 49 times
  • The average score is 45 of 131
Answer Stats
Hint Answer % Correct
the m in sml stands for his name Marvin
97%
man who has many jobs Brooklyn T Guy
90%
horrible chef Chef Peepee
90%
homosexual kid Cody
90%
sml mascot Jeffy
90%
homeless kid that loves lebron Joseph
90%
kid with a bib and orange hair Junior
90%
wife of ^ Karen Guy
90%
mean rich dude Mr Goodman
86%
wife of^ Rose
86%
black dinosaur who loves chicken Ya boi Duggie
86%
bully at Y U dumb school Bully Bill
83%
cwazy kid Patrick
83%
teacher at Y U dumb school Jackie Chu
79%
rapper that was a mushroom Lil' T
79%
cowboy that hunts shrimpos Woody
79%
jeffy's real mom Nancy
76%
stepdaughter of Penelope Guy
76%
Jeffy's sister Feebee
72%
ogre that loves the creamy cream cream cheesecake Shrek
72%
voice of brooklyn guy Chris Netherton
66%
cody's doll Ken
59%
Former coolest kid in the world Roy Gethard
59%
cody's stepdad Tyrone
59%
Goodman's spoiled son Richard Goodman
55%
jeffy's clone Scooter
55%
Goodman's butler Chives
52%
coolest kid in the world PJ Crenshaw
52%
aussie cop Simmons
52%
the man with the voices Anthony Miller
48%
clown puppet that loves AIDS Billy
48%
sml cameraman Logan Thirtyacre
48%
the devil Craig the devil
45%
jeffy's real dad Jacques Pierre François
45%
Jeffy's daughter Jeffica
45%
cody's fat mom oink oink Judy
45%
voice of jeffy Lance Thirtyacre
45%
voice of joseph Lovell Stanton
45%
ass loving prisoner Bubbles
41%
female siamese twins Ping and Pong
41%
super hero Super D
41%
mcdonalds purple thing Grimace
38%
Brooklyn Guy's perverted brother Jonathan
38%
mcdonalds clown Ronald MCdonald
38%
bald judge the honorable judge Pooby
38%
dinosaur/imaginary friend Booger
34%
police chief Chief
34%
the guy who made the universe God
34%
man obsessed with his lawn Hank Huckerdoo
34%
shady sea creature loan dolphin
34%
super big hero Super Big D
34%
female mascot of a fast food place Wendy
34%
Fat kid that loves food Atso
31%
camel that works at a gas station Cameel Habib Habab
31%
male siamese twins Ding and Dong
31%
dragon that kills itself Doofy the dragon
31%
voice of rose Elaina Keyes
31%
friendly kindergartener Freddy
31%
son of^ Jackie Twu
31%
kindergarten bully Mikey gerard Tyson
31%
clown that tries to kidnap kids Screwball
31%
woman who investigates crime with brooklyn guy Susan
31%
illegal mexican immigrant Felipe
28%
chef peepee's kid with junior made with the B-B-B-BABY MACHINE Junior Junior
28%
other fan girl of ^ Maria Sanchez
28%
football player that sounds like kermit the frog Patrick Mahomes
28%
the king of burgers The burger king
28%
^s homosexual brother Timmy Huckerdoo
28%
dumb tiger and frosted flakes mascot Tony the tiger
28%
^s daugther and Patrick's sister Emily
24%
cody's real dad Gary
24%
old man obsessed with gumbo Gumbo Gary
24%
Marvin's brother Luis
24%
man obsessed with children Mr.Winkle
24%
old man obsessed wiyh pistachios Pistachio Pete
24%
^s always cheating wife Susanne huckerdoo
24%
other judge The honorable judge Anthony
24%
old man obsessed with tuna fish Tuna fish Terry
24%
fake dora the explora Windowa
24%
kindergartener obsessed with the colour purple Alex
21%
Brooklyn guy's mean mom Barbara
21%
Goodman's toddler Benjamin Goodman
21%
chef peepee's clone Chef Poopoo
21%
colonel of chicken Colonel Sanders
21%
jeffy variant that loves mayonaise Drawing Jeffy
21%
Rich native american that makes bets with goodman Greg(Chief Watchupee)
21%
homeless man Hansel
21%
fan girl of ^ Heidi
21%
girl with wobbly knees Jenny wobble knees
21%
murderous rapper MC Bloodstain
21%
fat man that gives presents to kids Santa Claus
21%
hollywood movie agent Steve Staleburger
21%
super huge long lasting big girthy villain super huge long lasting big girthy D
21%
crackhead bunny The easter bunny
21%
chef peepee's kid with cody made with the B-B-B-BABY MACHINE Chaz
17%
kindergartener on the spectrum that loves bears Daryl Steinbeck
17%
Goodman's maid Patricia
17%
elf who likes kids Pepper
17%
^s daughter Susie Huckerdoo
17%
rose's dad Alien
14%
walrus coach of^ Andy Reid
14%
never happy waitress and kindergarten teacher Clarissa Fitzpatrick
14%
goodman's wife Mrs.Goodman
14%
sml animator Nicktendo
14%
fake boots the monkey Sandals
14%
incestous country singer Trailer park Danny
14%
Cheetah who smokes cheeto dust Chester Cheetah
10%
always high hippie Crush
10%
the sml joe swanson Earl
10%
chef peepee's cousin Gay Tony
10%
sml santa Harold Strickland
10%
other other elf Mint
10%
depressed girl Samantha
10%
hooker/prostitute Britknee
7%
wife/sister of^ Charlene
7%
guy who is everyone's friend Charleyyy
7%
other criminal Face Eater
7%
satan's pet Lucifur
7%
braxton's grandma Margaret
7%
Brooklyn guy's dad Mr.Guy
7%
^s daughter Sprinkle
7%
rose's mom Alien's wife
3%
marvin's grandpa Harold Wilfred
3%
criminal Mr.Meaner
3%
juniors annoying twin Nigel
3%
voice of doodoo man Will Townsend
3%
bully's girlfriend Annabelle
0%
tyrone's ex wife Boukisha
0%
other elf Orna
0%
other other other elf Roni
0%
criminal who faked being santa Vick
0%
No matching quizzes found
Score Distribution
Percent of People with Each Score
Percentile by Number Answered
Your Score History
You have not taken this quiz